The Ethics of Teaching A Casebook (Record no. 12326)

MARC details
000 -LEADER
fixed length control field 00527nam a22002057a 4500
001 - CONTROL NUMBER
control field nam a22 7a 4500
003 - CONTROL NUMBER IDENTIFIER
control field OSt
005 - DATE AND TIME OF LATEST TRANSACTION
control field 20211013104912.0
007 - PHYSICAL DESCRIPTION FIXED FIELD--GENERAL INFORMATION
fixed length control field nam a22 7a 4500
008 - FIXED-LENGTH DATA ELEMENTS--GENERAL INFORMATION
fixed length control field 211013b |||||||| |||| 00| 0 eng d
010 ## - LIBRARY OF CONGRESS CONTROL NUMBER
LC control number nam a22 7a 4500
020 ## - INTERNATIONAL STANDARD BOOK NUMBER
International Standard Book Number 080584063
040 ## - CATALOGING SOURCE
Transcribing agency HU
082 ## - DEWEY DECIMAL CLASSIFICATION NUMBER
Edition number 2nd
Classification number 174.9382/ETH/2002
245 ## - TITLE STATEMENT
Title The Ethics of Teaching A Casebook
250 ## - EDITION STATEMENT
Edition statement 2nd
260 ## - PUBLICATION, DISTRIBUTION, ETC.
Place of publication, distribution, etc. London
Name of publisher, distributor, etc. Lawrence Erlbaum Associates Publishers
Date of publication, distribution, etc. 2002
300 ## - PHYSICAL DESCRIPTION
Extent 273p
942 ## - ADDED ENTRY ELEMENTS (KOHA)
Source of classification or shelving scheme Dewey Decimal Classification
Koha item type Books like text book referance book
Suppress in OPAC No
Holdings
Withdrawn status Lost status Source of classification or shelving scheme Damaged status Not for loan Home library Current library Shelving location Date acquired Total Checkouts Full call number Barcode Date last seen Copy number Price effective from Koha item type
    Dewey Decimal Classification     Natural & Computational Science Library Natural & Computational Science Library General Stacks 10/13/2021   174.9382/ETH/2002 NCSLIB000017761 10/13/2021 1 10/13/2021 Books like text book referance book